[Event "Benidorm - Aficionados sub-2000 2014"]
[Site "Benidorm ESP"]
[Date "2014.12.03"]
[Round "6.5"]
[White "Blesa Fernandez, Francisco"]
[Black "Pfau, Michael"]
[Result "1-0"]
[WhiteElo "1881"]
[BlackElo "1998"]
[PlyCount "138"]
[EventDate "2014.11.28"]
[EventType "swiss"]
[EventRounds "10"]
[EventCountry "ESP"]
[SourceTitle "Ajedrez en Madrid"]
[Source "lmi"]
[SourceDate "2014.11.28"]

1. d4 d5 2. c4 Nc6 3. Nf3 Bg4 4. Nc3 e6 5. Bf4 Bb4 6. e3 f6 7. cxd5 exd5 8. Rc1
Nge7 9. Be2 O-O 10. O-O Bd6 11. Bxd6 Qxd6 12. Ne1 Bxe2 13. Qxe2 a6 14. Nd3 b6
15. Qf3 Rad8 16. Qf4 Qd7 17. b4 Ng6 18. Qf3 Nce7 19. a4 Ra8 20. Rc2 c6 21. Rfc1
Nh4 22. Qd1 Nhf5 23. Qg4 Rfd8 24. a5 Rdb8 25. Na4 bxa5 26. bxa5 Ra7 27. Nb6 Qe8
28. Nb4 h5 29. Qf3 Qg6 30. Nxc6 Nxc6 31. Rxc6 Ne7 32. R6c5 Kh7 33. Qg3 Qe8 34.
h3 Rd8 35. Qf3 Qf7 36. Rc7 Rxc7 37. Rxc7 Kh6 38. Qe2 Qe6 39. Qxa6 Qe4 40. Qe2
Ng6 41. Qc2 Qe6 42. Rc6 Qe7 43. Qc5 Qe4 44. Qc2 Qe7 45. a6 Qa3 46. Nc8 Qa5 47.
Qc1 Nh4 48. e4+ Kh7 49. e5 Nf5 50. Qb1 g6 51. Qb6 Qe1+ 52. Kh2 Qxf2 53. Rc7+
Kh6 54. Qb1 Nxd4 55. Qc1+ g5 56. a7 Nf3+ 57. Kh1 Nh4 58. Qg1 Qa2 59. e6 Nf5 60.
Qe1 Nh4 61. Qf1 f5 62. e7 Re8 63. Nd6 f4 64. Nxe8 Nf5 65. Rc6+ Kh7 66. Nf6+ Kg7
67. Nxh5+ Kf7 68. Rf6+ Kxe7 69. Rxf5 Qxa7 1-0

[Event "Benidorm - Aficionados sub-2000 2014"]
[Site "Benidorm ESP"]
[Date "2014.12.03"]
[Round "6.6"]
[White "Naranjo Moreno, Jose Javier"]
[Black "Cebrian Flores, Juan Antonio"]
[Result "1/2-1/2"]
[WhiteElo "1900"]
[BlackElo "1995"]
[PlyCount "80"]
[EventDate "2014.11.28"]
[EventType "swiss"]
[EventRounds "10"]
[EventCountry "ESP"]
[SourceTitle "Ajedrez en Madrid"]
[Source "lmi"]
[SourceDate "2014.11.28"]

1. d4 Nf6 2. Nf3 g6 3. c4 Bg7 4. Nc3 d6 5. e4 O-O 6. Be2 e5 7. Be3 exd4 8. Nxd4
Re8 9. f3 c6 10. Qd2 d5 11. exd5 cxd5 12. O-O-O Nc6 13. Nb3 dxc4 14. Bxc4 Qxd2+
15. Bxd2 Ne5 16. Bb5 Bd7 17. Bf4 a6 18. Bxd7 Nexd7 19. Kb1 b5 20. Rhe1 Nb6 21.
Rxe8+ Rxe8 22. Bc7 Nc4 23. Rd8 Rxd8 24. Bxd8 Nd7 25. Nd1 Be5 26. g3 Kf8 27. Bg5
f5 28. Nd2 Nxd2+ 29. Bxd2 Ke7 30. Kc2 Ke6 31. f4 Bd4 32. b4 Kd5 33. Kd3 Bg1 34.
h3 Nf6 35. Nc3+ Kd6 36. Be1 Nd5 37. Ne2 Bb6 38. a3 Nf6 39. Nc3 Nd5 40. Ne2 Nf6
1/2-1/2

[Event "Benidorm - Aficionados sub-2000 2014"]
[Site "Benidorm ESP"]
[Date "2014.12.03"]
[Round "6.7"]
[White "Gambini, Stephane"]
[Black "Izagirre Alsua, Aritz"]
[Result "1/2-1/2"]
[WhiteElo "1993"]
[BlackElo "1889"]
[PlyCount "96"]
[EventDate "2014.11.28"]
[EventType "swiss"]
[EventRounds "10"]
[EventCountry "ESP"]
[SourceTitle "Ajedrez en Madrid"]
[Source "lmi"]
[SourceDate "2014.11.28"]

1. e4 c5 2. Nc3 Nc6 3. g3 g6 4. Bg2 Bg7 5. f4 e6 6. Nf3 Nge7 7. d3 d5 8. e5 a6
9. O-O O-O 10. Qe1 b5 11. Bd2 Bb7 12. Nd1 Rc8 13. c3 d4 14. c4 bxc4 15. dxc4 a5
16. Nf2 Qb6 17. Ne4 Rb8 18. Nf6+ Kh8 19. Nd7 Qa7 20. Nxf8 Bxf8 21. Ng5 Kg8 22.
Ne4 Nb4 23. Nf6+ Kg7 24. Bxb4 Bxg2 25. Kxg2 Rxb4 26. b3 Nf5 27. Rf2 a4 28. Rb1
Ne3+ 29. Kg1 Qb7 30. g4 h6 31. h4 Be7 32. f5 exf5 33. gxf5 Bxf6 34. exf6+ Kxf6
35. fxg6+ Kxg6 36. Qe2 Qe4 37. Rbf1 Qxh4 38. Rf6+ Qxf6 39. Rxf6+ Kxf6 40. Qf3+
Ke5 41. Qxf7 axb3 42. axb3 Rxb3 43. Qe7+ Kf4 44. Qxc5 Rb1+ 45. Kf2 Rb2+ 46. Ke1
Rb1+ 47. Kd2 Rb2+ 48. Ke1 d3 1/2-1/2

[Event "Benidorm - Aficionados sub-2000 2014"]
[Site "Benidorm ESP"]
[Date "2014.12.03"]
[Round "6.8"]
[White "Parks, Joseph"]
[Black "Vallbona Domingo, Joan"]
[Result "0-1"]
[WhiteElo "1889"]
[BlackElo "1992"]
[PlyCount "68"]
[EventDate "2014.11.28"]
[EventType "swiss"]
[EventRounds "10"]
[EventCountry "ESP"]
[SourceTitle "Ajedrez en Madrid"]
[Source "lmi"]
[SourceDate "2014.11.28"]

1. d4 Nf6 2. Nf3 c5 3. e3 g6 4. Bd3 Bg7 5. O-O b6 6. b3 O-O 7. Bb2 Bb7 8. Nbd2
Nc6 9. a3 d5 10. Ne5 Nxe5 11. dxe5 Nd7 12. f4 e6 13. Nf3 Qe7 14. Qe2 Rac8 15.
c4 f6 16. exf6 Bxf6 17. Rad1 Rce8 18. Bxf6 Qxf6 19. Qc2 Kg7 20. Be2 Rd8 21. Rd2
Qe7 22. Rfd1 Nf6 23. Bd3 d4 24. e4 Ng4 25. Qb2 Rxf4 26. h3 Ne3 27. Re1 Kg8 28.
Ne5 Rdf8 29. g3 Qg5 30. Ng4 Rf3 31. Nxe3 Rxe3 32. Rxe3 Qxe3+ 33. Kh2 Rf3 34.
Qc1 Rf2+ 0-1

[Event "Benidorm - Aficionados sub-2000 2014"]
[Site "Benidorm ESP"]
[Date "2014.12.03"]
[Round "6.9"]
[White "Buiza Prieto, Eihartze"]
[Black "Alvarez Morales, Miguel"]
[Result "1-0"]
[WhiteElo "1887"]
[BlackElo "1979"]
[PlyCount "107"]
[EventDate "2014.11.28"]
[EventType "swiss"]
[EventRounds "10"]
[EventCountry "ESP"]
[SourceTitle "Ajedrez en Madrid"]
[Source "lmi"]
[SourceDate "2014.11.28"]

1. e4 c5 2. Nf3 d6 3. d4 cxd4 4. Nxd4 Nf6 5. Nc3 e6 6. Be2 Be7 7. O-O a6 8. Be3
Qc7 9. f4 b5 10. a3 Bb7 11. Bd3 Nbd7 12. Qf3 Nc5 13. Rae1 Nxd3 14. cxd3 h5 15.
Nb3 Rc8 16. h3 d5 17. Bd4 dxe4 18. Nxe4 Bd5 19. Bxf6 Bxe4 20. dxe4 gxf6 21. Rc1
Qb6+ 22. Qf2 Qxf2+ 23. Kxf2 O-O 24. Rxc8 Rxc8 25. Rc1 Rxc1 26. Nxc1 Bc5+ 27.
Ke2 Bd4 28. Nd3 e5 29. f5 a5 30. b3 Kf8 31. a4 bxa4 32. bxa4 Kg7 33. Ne1 Bc3
34. Nc2 Kh6 35. Ne3 Kg5 36. Nd5 Bd4 37. Kf3 Bc5 38. g3 h4 39. g4 Bd4 40. Ke2
Bc5 41. Kd3 Bf2 42. Kc4 Be1 43. Kb5 Bd2 44. Kc6 Bb4 45. Kd7 Kh6 46. Nxf6 Kg7
47. Nd5 Bd2 48. Kd6 f6 49. Ke6 Bg5 50. Kd6 Bd2 51. Ke7 Bc1 52. Nc7 Bg5 53. Ne8+
Kg8 54. Ke6 1-0

[Event "Benidorm - Aficionados sub-2000 2014"]
[Site "Benidorm ESP"]
[Date "2014.12.03"]
[Round "6.10"]
[White "Boj Marques, Javier"]
[Black "Tirado Parra, Alberto"]
[Result "1-0"]
[WhiteElo "1978"]
[BlackElo "1873"]
[PlyCount "89"]
[EventDate "2014.11.28"]
[EventType "swiss"]
[EventRounds "10"]
[EventCountry "ESP"]
[SourceTitle "Ajedrez en Madrid"]
[Source "lmi"]
[SourceDate "2014.11.28"]

1. d4 d5 2. c4 e6 3. Nf3 Nf6 4. g3 dxc4 5. Bg2 Bb4+ 6. Bd2 a5 7. a3 Be7 8. Qa4+
c6 9. Qxc4 b5 10. Qc2 Bb7 11. O-O Nbd7 12. Nc3 O-O 13. e4 Qb6 14. e5 Nd5 15.
Bg5 Bxg5 16. Nxg5 g6 17. Qe4 Kg7 18. Qh4 h6 19. Nh3 Nxc3 20. bxc3 Rfd8 21. Rfb1
b4 22. Nf4 c5 23. Bxb7 Qxb7 24. Qe7 Re8 25. Nxe6+ Kg8 26. Nxc5 Nxc5 27. Qxb7
Nxb7 28. axb4 a4 29. Kf1 Rec8 30. Ra3 Rc4 31. Ke2 Rac8 32. Kd2 Nd8 33. Kd3 Ne6
34. b5 Nd8 35. b6 Nb7 36. Rb4 Rxb4 37. cxb4 Rc6 38. Rxa4 Rxb6 39. Ra8+ Kg7 40.
Kc4 f6 41. f4 fxe5 42. fxe5 Kf7 43. b5 Ke6 44. Ra6 Rxa6 45. bxa6 1-0

[Event "Benidorm - Aficionados sub-2000 2014"]
[Site "Benidorm ESP"]
[Date "2014.12.03"]
[Round "6.13"]
[White "Cardenas, Fernando Adrian"]
[Black "Pastor Villalba, Arturo"]
[Result "0-1"]
[WhiteElo "1947"]
[BlackElo "1835"]
[PlyCount "72"]
[EventDate "2014.11.28"]
[EventType "swiss"]
[EventRounds "10"]
[EventCountry "ESP"]
[SourceTitle "Ajedrez en Madrid"]
[Source "lmi"]
[SourceDate "2014.11.28"]

1. Nf3 d5 2. d4 c5 3. g3 Nc6 4. Bg2 Bf5 5. O-O e6 6. c4 Nf6 7. cxd5 exd5 8. Nc3
c4 9. Bg5 Be7 10. Ne5 Be6 11. Nxc6 bxc6 12. b3 cxb3 13. axb3 O-O 14. Na4 h6 15.
Bf4 Ne4 16. f3 Nd6 17. Nc5 Bf5 18. Ra6 Qc8 19. Qa1 Nb5 20. Rc1 Nxd4 21. Qxd4
Bxc5 22. Qxc5 Qxa6 23. e4 Be6 24. Qc2 c5 25. exd5 Bxd5 26. Be3 Rab8 27. Qxc5
Rxb3 28. Qxa7 Qxa7 29. Bxa7 Bxf3 30. Bf1 Ra8 31. Bc4 Rb2 32. Bf2 Rab8 33. Be3
Rd8 34. Rc3 Bb7 35. Rc1 Rc8 36. Ba6 Re8 0-1

[Event "Benidorm - Aficionados sub-2000 2014"]
[Site "Benidorm ESP"]
[Date "2014.12.03"]
[Round "6.19"]
[White "Sanchez Moreno, Jose Carlos"]
[Black "Serrano Leiva, Ana"]
[Result "0-1"]
[WhiteElo "1910"]
[BlackElo "1728"]
[PlyCount "68"]
[EventDate "2014.11.28"]
[EventType "swiss"]
[EventRounds "10"]
[EventCountry "ESP"]
[SourceTitle "Ajedrez en Madrid"]
[Source "lmi"]
[SourceDate "2014.11.28"]

1. Nf3 c5 2. b3 Nf6 3. Bb2 e6 4. e3 Be7 5. d4 cxd4 6. exd4 O-O 7. Bd3 Nc6 8.
O-O b6 9. c4 Bb7 10. Nc3 d5 11. Rc1 Qd7 12. Qe2 Rac8 13. Rfd1 Rfe8 14. Ne5 Qc7
15. Bb1 a6 16. Rd3 Qb8 17. Na4 dxc4 18. Rh3 h6 19. Rg3 cxb3 20. Nxb6 bxa2 21.
Bxa2 Nxd4 22. Qe3 Rxc1+ 23. Bxc1 Nf5 24. Qc3 Nxg3 25. hxg3 Nd5 26. Bxd5 Bxd5
27. Nbd7 Qb7 28. Bb2 f6 29. Qe3 Bd8 30. Bd4 Bc6 31. Nxf6+ Bxf6 32. Nc4 Bxd4 33.
Qxd4 Qb1+ 34. Kh2 Qe4 0-1

[Event "Benidorm - Aficionados sub-2000 2014"]
[Site "Benidorm ESP"]
[Date "2014.12.03"]
[Round "6.20"]
[White "Amoros Moran, Jose Joaquin"]
[Black "Martinez Perez, Pablo"]
[Result "1-0"]
[WhiteElo "1974"]
[BlackElo "1710"]
[PlyCount "55"]
[EventDate "2014.11.28"]
[EventType "swiss"]
[EventRounds "10"]
[EventCountry "ESP"]
[SourceTitle "Ajedrez en Madrid"]
[Source "lmi"]
[SourceDate "2014.11.28"]

1. e4 e6 2. d4 d5 3. e5 c5 4. c3 Nc6 5. Nf3 Qb6 6. a3 Nh6 7. b4 cxb4 8. cxb4
Nf5 9. Bb2 Bd7 10. Be2 Be7 11. O-O h5 12. g3 g5 13. b5 Na5 14. Nc3 g4 15. Na4
Qd8 16. Nd2 h4 17. Bxg4 hxg3 18. fxg3 Bxb5 19. Rf2 Qd7 20. Nc3 O-O-O 21. Nxb5
Qxb5 22. Bxf5 Qxb2 23. Nf3 Qb3 24. Rc2+ Kb8 25. Bd3 Nc6 26. Rb1 Qa4 27. Rxb7+
Ka8 28. Bb5 1-0

[Event "Benidorm - Aficionados sub-2000 2014"]
[Site "Benidorm ESP"]
[Date "2014.12.03"]
[Round "6.23"]
[White "Turcheniak, Yury"]
[Black "Lucas Navas, Jose Manuel"]
[Result "1-0"]
[WhiteElo "1939"]
[BlackElo "1861"]
[PlyCount "71"]
[EventDate "2014.11.28"]
[EventType "swiss"]
[EventRounds "10"]
[EventCountry "ESP"]
[SourceTitle "Ajedrez en Madrid"]
[Source "lmi"]
[SourceDate "2014.11.28"]

1. d4 d5 2. Nf3 Nf6 3. e3 e6 4. c4 c6 5. Bd3 dxc4 6. Bxc4 b5 7. Be2 Bb7 8. O-O
Be7 9. a4 a6 10. Nbd2 O-O 11. Nb3 Nbd7 12. Bd2 Qb8 13. Na5 c5 14. Nxb7 Qxb7 15.
axb5 axb5 16. Qb3 Rxa1 17. Rxa1 cxd4 18. exd4 b4 19. h3 Nd5 20. Bd3 N7f6 21.
Ng5 Nh5 22. Bxh7+ Kh8 23. Be4 Nhf6 24. Qg3 Ng8 25. Qh4+ Nh6 26. Re1 Qa7 27.
Bxd5 exd5 28. Qh5 Kg8 29. Nf3 Bf6 30. Bxb4 Rc8 31. Qxd5 g6 32. g4 Bg7 33. Kg2
Rc2 34. Bc3 Qa4 35. Ne5 Bxe5 36. Qxe5 1-0

[Event "Benidorm - Aficionados sub-2000 2014"]
[Site "Benidorm ESP"]
[Date "2014.12.03"]
[Round "6.25"]
[White "Buenafe Moya, Jesus"]
[Black "Becking, Franz Josef"]
[Result "0-1"]
[WhiteElo "1807"]
[BlackElo "1933"]
[PlyCount "42"]
[EventDate "2014.11.28"]
[EventType "swiss"]
[EventRounds "10"]
[EventCountry "ESP"]
[SourceTitle "Ajedrez en Madrid"]
[Source "lmi"]
[SourceDate "2014.11.28"]

1. Nf3 Nf6 2. c4 e6 3. Nc3 d5 4. e3 c6 5. d4 Nbd7 6. b3 Bb4 7. Bb2 Ne4 8. Qc2
Qa5 9. Rc1 O-O 10. Bd3 Bxc3+ 11. Bxc3 Qxc3+ 12. Qxc3 Nxc3 13. Rxc3 dxc4 14.
bxc4 Re8 15. O-O e5 16. Bf5 exd4 17. Bxd7 Bxd7 18. exd4 Re2 19. Ne5 Be6 20. Rd1
Rd8 21. a3 Rxe5 0-1

[Event "Benidorm - Aficionados sub-2000 2014"]
[Site "Benidorm ESP"]
[Date "2014.12.03"]
[Round "6.33"]
[White "Palacios Llorente, Javier"]
[Black "Cordomi Forns, Francesc"]
[Result "1-0"]
[WhiteElo "1735"]
[BlackElo "1865"]
[PlyCount "77"]
[EventDate "2014.11.28"]
[EventType "swiss"]
[EventRounds "10"]
[EventCountry "ESP"]
[SourceTitle "Ajedrez en Madrid"]
[Source "lmi"]
[SourceDate "2014.11.28"]

1. e4 e5 2. Nf3 Nc6 3. Bb5 a6 4. Ba4 Nf6 5. O-O b5 6. Bb3 Be7 7. Re1 O-O 8. d4
d6 9. h3 exd4 10. Bd5 Nxd5 11. exd5 Nb4 12. Nxd4 Bf6 13. a3 Bxd4 14. axb4 Qf6
15. Be3 Bxb2 16. Ra2 Be5 17. Qd2 Qg6 18. f4 Bf6 19. Kh2 Bh4 20. Bf2 Bxf2 21.
Qxf2 Bb7 22. Nc3 Rfe8 23. Raa1 Qf6 24. Qd2 g6 25. Rad1 Qf5 26. g4 Qd7 27. Ne4
Rxe4 28. Rxe4 c6 29. Rde1 cxd5 30. Re7 Qc6 31. Qd4 Qxc2+ 32. R1e2 Qc6 33. Qf6
Rf8 34. Qd4 Bc8 35. Qf6 d4 36. Qxd4 Bb7 37. Qf6 Qh1+ 38. Kg3 Bf3 39. Rxf7 1-0

[Event "Benidorm - Aficionados sub-2000 2014"]
[Site "Benidorm ESP"]
[Date "2014.12.03"]
[Round "6.35"]
[White "Vila Cairo, Gerard"]
[Black "Martin Ferrer, Silverio"]
[Result "1/2-1/2"]
[WhiteElo "1995"]
[BlackElo "1813"]
[PlyCount "65"]
[EventDate "2014.11.28"]
[EventType "swiss"]
[EventRounds "10"]
[EventCountry "ESP"]
[SourceTitle "Ajedrez en Madrid"]
[Source "lmi"]
[SourceDate "2014.11.28"]

1. Nf3 e6 2. d4 Nf6 3. e3 b6 4. Bd3 Ba6 5. c4 Bb4+ 6. Bd2 Bxd2+ 7. Nbxd2 c5 8.
O-O O-O 9. Qc2 Nc6 10. a3 Qc7 11. Qa4 Bb7 12. Rac1 d6 13. Rfd1 Rfd8 14. Qc2 h6
15. h3 cxd4 16. exd4 Ne7 17. b4 a5 18. b5 Rac8 19. Re1 Ba8 20. a4 Rd7 21. Re3
Qd8 22. g4 Ned5 23. g5 Nxe3 24. fxe3 hxg5 25. Nxg5 Nd5 26. Ndf3 Nxe3 27. Qf2
Nf5 28. Bxf5 exf5 29. Qh4 Bxf3 30. Qh7+ Kf8 31. Nxf3 f6 32. Re1 g6 33. Qh8+
1/2-1/2

[Event "Benidorm - Aficionados sub-2000 2014"]
[Site "Benidorm ESP"]
[Date "2014.12.03"]
[Round "6.36"]
[White "Arnot, Bob"]
[Black "Abalia Patino, Aritz"]
[Result "0-1"]
[WhiteElo "1829"]
[BlackElo "1988"]
[PlyCount "70"]
[EventDate "2014.11.28"]
[EventType "swiss"]
[EventRounds "10"]
[EventCountry "ESP"]
[SourceTitle "Ajedrez en Madrid"]
[Source "lmi"]
[SourceDate "2014.11.28"]

1. d4 Nf6 2. Nf3 e6 3. Bf4 d5 4. e3 c5 5. c3 Nc6 6. Nbd2 Be7 7. Ne5 Nxe5 8.
Bxe5 cxd4 9. exd4 O-O 10. Bd3 Nd7 11. Nf3 Re8 12. h4 f6 13. Bf4 e5 14. Bxh7+
Kxh7 15. Ng5+ fxg5 16. hxg5+ Kg8 17. Qh5 exf4 18. Qh7+ Kf7 19. Qh5+ Ke6 20.
Qg6+ Bf6 21. O-O-O Kd6 22. gxf6 gxf6 23. Qf5 Nb6 24. Qxf4+ Kc6 25. Rh6 Re6 26.
Rh7 Qd6 27. Qf3 Bd7 28. a4 Kc7 29. a5 Nc4 30. Rdh1 Rae8 31. R7h6 Re1+ 32. Rxe1
Rxe1+ 33. Kc2 Ba4+ 34. b3 Bxb3+ 35. Kd3 Rd1+ 0-1

[Event "Benidorm - Aficionados sub-2000 2014"]
[Site "Benidorm ESP"]
[Date "2014.12.03"]
[Round "6.42"]
[White "Enzi, Gerald"]
[Black "Herran Castro, Aitor"]
[Result "1-0"]
[WhiteElo "1924"]
[BlackElo "1791"]
[PlyCount "65"]
[EventDate "2014.11.28"]
[EventType "swiss"]
[EventRounds "10"]
[EventCountry "ESP"]
[SourceTitle "Ajedrez en Madrid"]
[Source "lmi"]
[SourceDate "2014.11.28"]

1. c4 Nf6 2. Nc3 e5 3. g3 Bc5 4. Bg2 O-O 5. e3 Re8 6. Nge2 c6 7. d4 exd4 8.
exd4 Bb4 9. O-O Bxc3 10. Nxc3 d5 11. cxd5 Nxd5 12. Nxd5 cxd5 13. Qb3 Nc6 14.
Be3 Ne7 15. Rac1 b6 16. Rc3 Be6 17. Rfc1 Nf5 18. a3 Nxe3 19. Rxe3 Rc8 20. Rce1
Qf6 21. Bxd5 Bd7 22. Rxe8+ Rxe8 23. Rxe8+ Bxe8 24. Qc3 Qd6 25. Qc8 Kf8 26. Qf5
Kg8 27. Qe5 Qd8 28. Bb7 h6 29. d5 Bb5 30. d6 Qd7 31. Be4 Kf8 32. Bf5 Qb7 33.
Qxb5 1-0

[Event "Benidorm - Aficionados sub-2000 2014"]
[Site "Benidorm ESP"]
[Date "2014.12.03"]
[Round "6.44"]
[White "De La Fuente Ortega, Alberto"]
[Black "Larrañaga Aldalur, Jose Joaqui"]
[Result "1/2-1/2"]
[WhiteElo "1784"]
[BlackElo "1914"]
[PlyCount "51"]
[EventDate "2014.11.28"]
[EventType "swiss"]
[EventRounds "10"]
[EventCountry "ESP"]
[SourceTitle "Ajedrez en Madrid"]
[Source "lmi"]
[SourceDate "2014.11.28"]

1. d4 Nf6 2. Bg5 e6 3. e4 c5 4. Bxf6 gxf6 5. c3 d5 6. exd5 Qxd5 7. Nf3 cxd4 8.
Qxd4 Qxd4 9. cxd4 Bd7 10. Nc3 Bc6 11. Bb5 a6 12. Bxc6+ Nxc6 13. O-O-O Bb4 14.
a3 Bxc3 15. bxc3 Ne7 16. g3 Nd5 17. Kb2 b5 18. Rc1 Nb6 19. Nd2 Rc8 20. Rhe1 Ke7
21. f4 f5 22. Kb3 Rhd8 23. Nf1 Nc4 24. Re2 Kf6 25. Rcc2 h5 26. Nd2 1/2-1/2

[Event "Benidorm - Aficionados sub-2000 2014"]
[Site "Benidorm ESP"]
[Date "2014.12.03"]
[Round "6.49"]
[White "Kohler, Paul"]
[Black "Van Haaften, Adriaan"]
[Result "1-0"]
[WhiteElo "1899"]
[BlackElo "1759"]
[PlyCount "61"]
[EventDate "2014.11.28"]
[EventType "swiss"]
[EventRounds "10"]
[EventCountry "ESP"]
[SourceTitle "Ajedrez en Madrid"]
[Source "lmi"]
[SourceDate "2014.11.28"]

1. Nf3 c5 2. g3 Nc6 3. Bg2 g6 4. c4 Bg7 5. Nc3 Nf6 6. d4 cxd4 7. Nxd4 O-O 8.
Nc2 d6 9. Qd2 Qa5 10. Rb1 Rb8 11. b4 Qh5 12. h3 Be6 13. Ne3 Bh6 14. f4 Bg7 15.
Bf3 Qh6 16. Qd1 Bxh3 17. Bg2 Nh5 18. Ne4 Bxg2 19. Nxg2 Bd4 20. e3 Qg7 21. exd4
Nxd4 22. Bb2 e5 23. g4 Nf6 24. Nxd6 Rfd8 25. fxe5 Nxg4 26. Qxd4 Nh6 27. Qh4 Nf5
28. Nxf5 gxf5 29. e6 Qg6 30. Nf4 Qg4 31. Qxh7+ 1-0

[Event "Benidorm - Aficionados sub-2000 2014"]
[Site "Benidorm ESP"]
[Date "2014.12.03"]
[Round "6.51"]
[White "Ayza Casamitjana, Antoni"]
[Black "Romagosa Cerda, Ismael"]
[Result "0-1"]
[WhiteElo "1886"]
[BlackElo "1757"]
[PlyCount "58"]
[EventDate "2014.11.28"]
[EventType "swiss"]
[EventRounds "10"]
[EventCountry "ESP"]
[SourceTitle "Ajedrez en Madrid"]
[Source "lmi"]
[SourceDate "2014.11.28"]

1. e4 e5 2. Nf3 Nc6 3. Bb5 Nf6 4. d3 d6 5. h3 Be7 6. c3 Bd7 7. O-O h6 8. Nbd2
Nb8 9. Bc4 b5 10. Bb3 c5 11. Re1 a5 12. Nf1 Nc6 13. Ne3 Qc8 14. Nd5 Bd8 15. d4
c4 16. Bc2 O-O 17. Be3 Re8 18. dxe5 dxe5 19. Qd2 Re6 20. Rad1 Be8 21. Kh2 Nh7
22. Ng1 Ne7 23. f4 exf4 24. Nxf4 Bc7 25. g3 Bxf4 26. gxf4 Bc6 27. Bd4 Qb7 28.
f5 Bxe4 29. fxe6 Qc7+ 0-1

[Event "Benidorm - Aficionados sub-2000 2014"]
[Site "Benidorm ESP"]
[Date "2014.12.03"]
[Round "6.60"]
[White "Aledo Yanguas, Javier"]
[Black "Gutierrez Gutierrez, Francisco"]
[Result "1-0"]
[WhiteElo "1838"]
[BlackElo "1520"]
[PlyCount "57"]
[EventDate "2014.11.28"]
[EventType "swiss"]
[EventRounds "10"]
[EventCountry "ESP"]
[SourceTitle "Ajedrez en Madrid"]
[Source "lmi"]
[SourceDate "2014.11.28"]

1. e4 c5 2. c3 e6 3. d4 d5 4. exd5 Qxd5 5. Nf3 Nf6 6. Na3 cxd4 7. Nb5 Qe4+ 8.
Be2 Na6 9. Nbxd4 Bd7 10. O-O Qd5 11. Bf4 Be7 12. b4 b5 13. Ne5 Nc7 14. Bf3 Ne4
15. Re1 f5 16. Bxe4 fxe4 17. Nxd7 Qxd7 18. Qh5+ g6 19. Qe5 O-O-O 20. Nxb5 Na6
21. Rxe4 Qd1+ 22. Rxd1 Rxd1+ 23. Re1 Rxe1+ 24. Qxe1 Rd8 25. Qxe6+ Rd7 26. Qxa6+
Kd8 27. Nd6 Bf6 28. Qc8+ Ke7 29. Qe8# 1-0

[Event "Benidorm - Aficionados sub-2000 2014"]
[Site "Benidorm ESP"]
[Date "2014.12.03"]
[Round "6.62"]
[White "Tejedor Fuente, Marina"]
[Black "Herrero Ferrando, Salvador"]
[Result "1/2-1/2"]
[WhiteElo "1540"]
[BlackElo "1834"]
[PlyCount "52"]
[EventDate "2014.11.28"]
[EventType "swiss"]
[EventRounds "10"]
[EventCountry "ESP"]
[SourceTitle "Ajedrez en Madrid"]
[Source "lmi"]
[SourceDate "2014.11.28"]

1. e4 c5 2. Nc3 d6 3. g3 Nc6 4. Bg2 g6 5. d3 Bg7 6. Be3 Rb8 7. Qd2 b5 8. f4 b4
9. Nd1 Qb6 10. Nf3 Nh6 11. h3 f5 12. O-O O-O 13. Kh2 Nd4 14. Ne1 e6 15. c3 bxc3
16. bxc3 Nc6 17. Rc1 Ba6 18. Rg1 Rfc8 19. Rc2 Qa5 20. Rb2 Rxb2 21. Qxb2 Rb8 22.
Qc2 Qb6 23. Qd2 Kh8 24. Bf3 Ne7 25. Qf2 Rc8 26. Rg2 Nf7 1/2-1/2

[Event "Benidorm - Aficionados sub-2000 2014"]
[Site "Benidorm ESP"]
[Date "2014.12.04"]
[Round "7.3"]
[White "Vallbona Domingo, Joan"]
[Black "Jimenez Mompo, Candido"]
[Result "1/2-1/2"]
[WhiteElo "1992"]
[BlackElo "1954"]
[PlyCount "93"]
[EventDate "2014.11.28"]
[EventType "swiss"]
[EventRounds "10"]
[EventCountry "ESP"]
[SourceTitle "Ajedrez en Madrid"]
[Source "lmi"]
[SourceDate "2014.11.28"]

1. Nf3 Nf6 2. c4 d6 3. g3 g6 4. b4 Bg7 5. Bb2 O-O 6. Bg2 Nbd7 7. O-O e5 8. d3
Re8 9. Qc2 Nf8 10. Nbd2 N6d7 11. Nb3 Ne6 12. e3 f5 13. Nfd2 Rb8 14. c5 Qe7 15.
Rac1 Nf6 16. cxd6 cxd6 17. Na5 h5 18. Ba3 h4 19. b5 hxg3 20. hxg3 Bf8 21. Qb3
Kg7 22. Nac4 Qd8 23. Nb1 Nc5 24. Qc2 e4 25. Nxd6 Qxd6 26. Qxc5 Qxc5 27. Bxc5
Bxc5 28. Rxc5 exd3 29. Rd1 Rd8 30. Bf1 Be6 31. Rc7+ Kh6 32. Rxd3 Rxd3 33. Bxd3
Bxa2 34. Nc3 Nd5 35. Nxd5 Bxd5 36. Be2 Rd8 37. g4 Rd6 38. f4 fxg4 39. Bxg4 Be4
40. Rd7 Rxd7 41. Bxd7 Kg7 42. Bh3 Bd3 43. Bf1 Bxf1 44. Kxf1 a6 45. bxa6 bxa6
46. Ke2 Kf6 47. e4 1/2-1/2

[Event "Benidorm - Aficionados sub-2000 2014"]
[Site "Benidorm ESP"]
[Date "2014.12.04"]
[Round "7.4"]
[White "Perez Garcia, Jose Miguel"]
[Black "Boj Marques, Javier"]
[Result "1/2-1/2"]
[WhiteElo "1919"]
[BlackElo "1978"]
[PlyCount "36"]
[EventDate "2014.11.28"]
[EventType "swiss"]
[EventRounds "10"]
[EventCountry "ESP"]
[SourceTitle "Ajedrez en Madrid"]
[Source "lmi"]
[SourceDate "2014.11.28"]

1. Nf3 Nf6 2. c4 e6 3. d4 d5 4. Nc3 Be7 5. Bg5 O-O 6. e3 Nbd7 7. Rc1 h6 8. Bh4
c6 9. Bd3 dxc4 10. Bxc4 Nd5 11. Bxe7 Qxe7 12. O-O Nxc3 13. Rxc3 e5 14. Nxe5
Nxe5 15. dxe5 Qxe5 16. Qe2 Be6 17. Bxe6 Qxe6 18. a3 Rfd8 1/2-1/2

[Event "Benidorm - Aficionados sub-2000 2014"]
[Site "Benidorm ESP"]
[Date "2014.12.04"]
[Round "7.5"]
[White "Castrillon Otero, Javier"]
[Black "Buiza Prieto, Eihartze"]
[Result "0-1"]
[WhiteElo "1958"]
[BlackElo "1887"]
[PlyCount "118"]
[EventDate "2014.11.28"]
[EventType "swiss"]
[EventRounds "10"]
[EventCountry "ESP"]
[SourceTitle "Ajedrez en Madrid"]
[Source "lmi"]
[SourceDate "2014.11.28"]

1. d4 d5 2. c4 Nc6 3. cxd5 Qxd5 4. Nf3 e5 5. Nc3 Bb4 6. Bd2 Bxc3 7. Bxc3 e4 8.
Ne5 Nxe5 9. dxe5 Ne7 10. e3 Bf5 11. Qa4+ Bd7 12. Qa3 Nc6 13. Rd1 Qe6 14. Qa4
Qg6 15. Qc2 Bg4 16. Rd2 O-O 17. h3 Be6 18. g3 Rad8 19. Bg2 Rxd2 20. Kxd2 Bd5
21. Kc1 Qe6 22. Bxe4 Bxe4 23. Qxe4 Qxa2 24. Rd1 Rd8 25. Rxd8+ Nxd8 26. f4 Qa6
27. f5 h6 28. e6 Qf1+ 29. Kc2 fxe6 30. Qd4 Qxf5+ 31. e4 Qf8 32. Qxa7 Kh7 33.
Qd4 Nc6 34. Qd7 Qe7 35. Qxe7 Nxe7 36. Be5 c6 37. Kc3 Kg6 38. Kd4 Nc8 39. Kc5
Kf7 40. g4 g6 41. Bc3 Ke7 42. Bd2 h5 43. gxh5 gxh5 44. Bg5+ Kd7 45. h4 Nd6 46.
Kd4 Nf7 47. Bf6 b6 48. Bg7 c5+ 49. Kd3 Kc6 50. b4 cxb4 51. Kc4 Nd6+ 52. Kxb4
Nxe4 53. Be5 b5 54. Bf4 Nd6 55. Be5 Kd5 56. Bh2 Nf5 57. Kxb5 Nxh4 58. Kb4 Nf3
59. Bf4 e5 0-1